Personnages des Maîtres de l'Univers par images - Statistiques

Statistiques générales
  • Ce quiz a été pris 43 fois
  • Le résultat moyen est 5 sur 20
Statistiques - réponses
Par images Réponse % Correct
Musclor
95%
Skeletor
74%
Le Maître d'Armes
41%
Orko
28%
Cringer
26%
La Sorcière
26%
Fisto
18%
Teela
18%
Dentos
15%
Océanor
15%
Beast Man
13%
Bélios
13%
Evil-Lyn
13%
Kobra Khan
10%
Panthor
10%
Roi Randor
10%
Triclops
10%
Maskor
8%
Reine Marlena
8%
Stratos
8%
Aucun quiz correspondant
Distribution des résultats
% des personnes avec chaque résultat
Percentile par nombre de réponses
Votre historique - résultats
Vous n’avez pas pris ce quiz